banner-ar

The Far East and Australasia / (Record no. 60638)

MARC details
000 -الفاتح
حقل البيانات ثابتة الطول 00847nam a22002897a 4500
005 - وقت وتاريخ اخر تعامل مع التسجيلة
رقم الضبط 20240530110420.0
008 - عناصر البيانات ثابتة الطول - معلومات عامة
حقل البيانات ثابتة الطول 150310s2009 uk ad g 001 0 eng d
020 ## - الرقم الدولى المعيارى للكتب
الرقم الدولى المعيارى للكتاب 9781857434729
020 ## - الرقم الدولى المعيارى للكتب
الرقم الدولى المعيارى للكتاب 1857434722
022 ## - الرقم الدولى المعيارى للدوريات
المصدر 00768502
040 ## - مصدر الفهرسة
وكالة الفهرسة الأصلية EG-CaGPL
وكالة النسخ EG-CaGPL
082 04 - رقم تصنيف ديوى العشرى
رقم الطبعة 21
رقم التصنيف 956
رقم المادة G REF/D M
100 1# - المدخل الرئيسى - إسم شخصى
الإسم الشخصى Dean , lucy
245 14 - بيان العنوان
العنوان The Far East and Australasia /
بيان المسئوليه,etc Editor Lucy Dean
250 ## - بيان الطبعة
بيان الطبعة ed. 55
260 ## - PUBLICATION, DISTRIBUTION, ETC. (IMPRINT)
تاريخ النشر أو التوزيع 2009
300 ## - الوصف المادى
التعداد 1435 p. :
تفاصيل ماديه اخرى للوعاء ill. ;
أبعاد الوعاء 26 cm.
650 #4 - المدخل الاضافى بالموضوع-مصطلح موضوعى
مصدر الرأس أو المصطلح Condições econômicas
التقسيم الفرعي الجغرافي Africa
650 #4 - المدخل الاضافى بالموضوع-مصطلح موضوعى
مصطلح موضوعي Política
التقسيم الفرعي الجغرافي Africa
650 #4 - المدخل الاضافى بالموضوع-مصطلح موضوعى
مصطلح موضوعي Comércio
التقسيم الفرعي الجغرافي Africa
650 #4 - المدخل الاضافى بالموضوع-مصطلح موضوعى
مصطلح موضوعي Finanças
التقسيم الفرعي الجغرافي Africa
650 #4 - المدخل الاضافى بالموضوع-مصطلح موضوعى
مصطلح موضوعي ORGANISMOS INTERNACIONALES
التقسيم الفرعي العام DIRECTORIOS
-- PUBLICACIONES PERIODICAS.
650 #4 - المدخل الاضافى بالموضوع-مصطلح موضوعى
مصطلح موضوعي Internationale Organisation.
942 ## - عناصر المدخل الإضافي( كوها)
مصدر التصنيف او مخطط الترفيف Dewey Decimal Classification
Koha [default] item type كتاب
260 ## - PUBLICATION, DISTRIBUTION, ETC. (IMPRINT)
-- London :
-- Routledge ,
Holdings
حالة التراجع حالة الفقد مصدر التصنيف او خطة الترفيف حالة تلف ليس للاعارة المكان المؤقت الموقع الحالى تاريخ الاكتساب اجمالي اﻻعارات رقم الطلب الباركود تاريخ اخر مشاهدة تاريخ تفعيل السعر نوع وعاء كوها
    ddc     مكتبة القاهرة الكبرى مكتبة القاهرة الكبرى 03/10/2015   956 G REF/D M 159737 03/10/2015 03/10/2015 كتاب

Powered By

EGPV